000 00278nam a22001337a 4500
008 170801b xxu||||| |||| 00| 0 eng d
020 _a9783815570456
041 _aeng
080 _a004
100 _a32
101 _aSHKI
245 _aNETZ-WERKE
_cAN, V.A
942 _2udc
_cBK
999 _c22412
_d22412